[Event "AUTO-MASTER-3237"]
[Site "http://www.queenalice.com/game.php?id=1846460"]
[Date "2024.11.1"]
[Round "1"]
[White "pomar"]
[Black "dave_j"]
[Result "1-0"]
[WhiteElo "1956"]
[BlackElo "2022"]

1. f3 e5 2. Kf2 Bc5+ 3. e3 Nc6 4. c4 Nf6 5. a3 a5 6. Ne2 e4 7. Nbc3 exf3 8. gxf3
d6 9. Na4 Nh5 10. Ng3 Nf6 11. d4 Ba7 12. Qc2 g6 13. Bd2 Ne7 14. Bxa5 Nf5 15. Bd3
Nxg3 16. hxg3 Bd7 17. Nc3 b6 18. Bb4 c5 19. Be4 Nxe4+ 20. Qxe4+ Kf8 21. dxc5
dxc5 22. Qe5 f6 23. Qd6+ Kg7 24. Rad1 Bf5 25. Nb5 cxb4 26. Qxb4 Qc8 27. Qe7+ 1-0

[Event "AUTO-MASTER-3237"]
[Site "http://www.queenalice.com/game.php?id=1846461"]
[Date "2024.11.1"]
[Round "1"]
[White "dave_j"]
[Black "tucuman10"]
[Result "0-1"]
[WhiteElo "2000"]
[BlackElo "2324"]

1. d4 e6 2. e4 d5 3. e5 Nc6 4. Bb5 a6 5. Bxc6+ bxc6 6. Nf3 c5 7. Be3 cxd4 8.
Bxd4 c5 9. Be3 Qb6 10. b3 Ne7 11. O-O h6 12. Qe2 Nf5 13. Na3 Be7 14. Nb1 a5 15.
a4 Ba6 16. c4 Qxb3 17. Nbd2 Qb7 18. Rfb1 Qc6 19. h3 O-O 20. g4 Nxe3 21. fxe3
dxc4 22. Rc1 c3 23. Nc4 Bxc4 24. Qxc4 Qxf3 25. Qxc3 Qg3+ 26. Kf1 f6 0-1

[Event "AUTO-MASTER-3237"]
[Site "http://www.queenalice.com/game.php?id=1846462"]
[Date "2024.11.1"]
[Round "1"]
[White "tucuman10"]
[Black "dave_j"]
[Result "1-0"]
[WhiteElo "2322"]
[BlackElo "2003"]

1. d4 d5 2. c4 Nf6 3. Nc3 e6 4. e3 Bb4 5. Qa4+ c6 6. Qxb4 a5 7. Qb3 O-O 8. Nf3
Qe7 9. Qc2 g6 10. Be2 Na6 11. O-O c5 12. b3 b6 13. Na4 Qc7 14. Rd1 Bb7 15. Bb2
Ne4 16. cxd5 Bxd5 17. Nd2 Nd6 18. Rac1 c4 19. bxc4 Bb7 20. Qb3 Ne4 21. Nxe4 Bxe4
22. f3 Bb7 23. d5 exd5 24. cxd5 Qd6 25. Qxb6 Qxb6 26. Nxb6 Rad8 27. d6 1-0

[Event "AUTO-OPEN-4529"]
[Site "http://www.queenalice.com/game.php?id=1847578"]
[Date "2024.11.22"]
[Round "2"]
[White "dave_j"]
[Black "chessman"]
[Result "1-0"]
[WhiteElo "1954"]
[BlackElo "1962"]

1. d4 d5 2. c4 c6 3. e3 Nf6 4. Nf3 e6 5. c5 Be7 6. Be2 O-O 7. b4 Re8 8. h3 Nbd7
9. Nc3 h6 10. Bd3 Nf8 11. Ne2 Bd7 12. Ne5 Rc8 13. Nf4 Ne4 14. Qf3 f5 15. Bxe4
dxe4 16. Qh5 b6 17. Bb2 b5 18. d5 exd5 19. Qf7+ 1-0

[Event "AUTO-OPEN-4529"]
[Site "http://www.queenalice.com/game.php?id=1847579"]
[Date "2024.11.22"]
[Round "2"]
[White "chessman"]
[Black "dave_j"]
[Result "1-0"]
[WhiteElo "1985"]
[BlackElo "1971"]

1. e4 e5 2. Nf3 d6 3. d4 Bg4 4. dxe5 Bxf3 5. gxf3 dxe5 6. Qxd8+ Kxd8 7. Nc3 Bb4
8. Bd2 Nc6 9. Bg5+ f6 10. O-O-O+ Bd6 11. Be3 a6 12. Bh3 Ke7 13. Nd5+ Kf7 14.
Nxc7 Bxc7 15. Rd7+ Nge7 16. Rxc7 b5 17. Bc5 Rhd8 18. Bxe7 1-0

[Event "AUTO-OPEN-4576"]
[Site "http://www.queenalice.com/game.php?id=1852216"]
[Date "2025.2.15"]
[Round "1"]
[White "dave_j"]
[Black "Scharlatan"]
[Result "1-0"]
[WhiteElo "1919"]
[BlackElo "2068"]

1. e4 c6 2. d4 d5 3. e5 c5 4. c3 Nc6 5. Bb5 Qa5 6. Bxc6+ bxc6 7. Na3 e6 8. Bd2
cxd4 9. cxd4 Qb6 10. Bc3 Ba6 11. Nc2 Nh6 12. a3 Nf5 13. Nf3 Rc8 14. b4 Bc4 15.
Ne3 Nxe3 16. fxe3 h5 17. Nd2 Bd3 18. Nb3 Qb5 19. a4 Qc4 20. Qd2 Be4 21. Na5 Qa6
22. Kf2 Be7 23. Qb2 Bh4+ 24. Kg1 Qd3 25. Qd2 Qxd2 26. Bxd2 Kd7 27. Nb3 Be7 28.
Kf2 Bxb4 29. Bxb4 Rb8 30. Nc5+ Kc7 31. Ba5+ Kc8 32. Rhc1 Rb2+ 33. Ke1 Rxg2 34.
Rd1 Rxh2 35. Rdc1 Rh6 36. Nxe4 dxe4 37. Rxc6+ Kd7 38. Rc7+ Ke8 39. Kd1 Rh1+ 40.
Be1 Rg6 41. Rb1 Kd8 42. Rxf7 Ke8 43. Rf2 Rgg1 44. Ke2 g5 45. Rb8+ Ke7 46. Bb4+
Kd7 47. Rf7+ Kc6 48. Rc8+ Kb6 49. Bc5+ Ka5 50. Rxa7# 1-0

[Event "AUTO-OPEN-4576"]
[Site "http://www.queenalice.com/game.php?id=1852217"]
[Date "2025.2.15"]
[Round "1"]
[White "Scharlatan"]
[Black "dave_j"]
[Result "1-0"]
[WhiteElo "2114"]
[BlackElo "1928"]

1. e4 e5 2. Nf3 d6 3. Bc4 Be7 4. d4 a6 5. a4 h6 6. dxe5 dxe5 7. Qxd8+ Bxd8 8.
Nxe5 Be6 9. Bxe6 fxe6 10. Ng6 Rh7 11. Bf4 Ne7 12. Nxe7 Kxe7 13. Nc3 Nd7 14.
O-O-O g5 15. Be3 Ke8 16. a5 Bf6 17. Ne2 Ne5 18. b3 Nc6 19. f4 Nxa5 20. Bd4 Be7
21. f5 exf5 22. exf5 Kf7 23. Bc3 Nc6 24. Rhe1 Rd8 25. Rxd8 Bxd8 26. Ng3 h5 27.
Re6 Be7 28. Ne4 h4 29. Bd2 Nd4 30. Re5 Bf6 31. Rd5 Bh8 32. Nxg5+ 1-0

[Event "AUTO-MASTER-3259"]
[Site "http://www.queenalice.com/game.php?id=1854938"]
[Date "2025.4.3"]
[Round "1"]
[White "Takeda"]
[Black "dave_j"]
[Result "1-0"]
[WhiteElo "2021"]
[BlackElo "1929"]

1. e4 e5 2. Nf3 d6 3. d4 Bg4 4. dxe5 Bxf3 5. gxf3 Qe7 6. exd6 Qxd6 7. Nc3 Qxd1+
8. Nxd1 Nc6 9. Bb5 Ne7 10. Bf4 O-O-O 11. Nc3 a6 12. Bc4 Ng6 13. Bg3 f6 14. Nd5
Nge5 15. Bb3 Nxf3+ 16. Ke2 Nfd4+ 17. Ke3 Bc5 18. Kf4 Nxb3 19. axb3 Bd6+ 20. Ke3
Bxg3 21. hxg3 h6 22. b4 Rhe8 23. Rh5 Re5 24. Rxe5 Nxe5 25. b3 Re8 26. b5 Re6 27.
bxa6 Rxa6 28. Rxa6 bxa6 29. f4 Nd7 30. Ne7+ Kd8 31. Nf5 g5 32. Nxh6 gxf4+ 33.
gxf4 Ke7 34. Nf5+ Ke6 35. Kd4 c6 36. b4 Kf7 37. Nd6+ Ke7 38. Nb7 Nb8 39. Kc5 Kd7
40. Kb6 Kc8 41. Nc5 1-0

[Event "AUTO-MASTER-3259"]
[Site "http://www.queenalice.com/game.php?id=1854939"]
[Date "2025.4.3"]
[Round "1"]
[White "dave_j"]
[Black "Takeda"]
[Result "0-1"]
[WhiteElo "1939"]
[BlackElo "2090"]

1. e4 g6 2. d4 Bg7 3. Nf3 d6 4. h3 Nf6 5. Bd3 O-O 6. O-O Nbd7 7. c3 c5 8. Be3 b6
9. Nbd2 Bb7 10. e5 dxe5 11. Bc4 exd4 12. cxd4 cxd4 13. Bxd4 Rc8 14. Qa4 a5 15.
Bb5 Nc5 16. Qa3 Ne6 17. Be3 Nd5 18. Nc4 Nxe3 19. Nxe3 Bxf3 20. gxf3 Qc7 21. Ba6
Rcd8 22. Rad1 Nc5 23. Be2 Rxd1 24. Rxd1 Qe5 25. b3 f5 26. Bc4+ Kh8 27. Be2 Bh6
28. Nc4 Qxe2 29. Rf1 Qxf3 30. Nxb6 Ne6 31. Nc4 Qxh3 32. Qb2+ Rf6 33. f3 Nc5 34.
Qd4 Qg3+ 35. Kh1 Bf4 36. Rf2 Ne6 37. Qb2 Ng5 0-1

[Event "AUTO-MASTER-3259"]
[Site "http://www.queenalice.com/game.php?id=1854956"]
[Date "2025.4.3"]
[Round "1"]
[White "dave_j"]
[Black "askasl159"]
[Result "1-0"]
[WhiteElo "1950"]
[BlackElo "1947"]

1. e4 e5 2. Nf3 Nc6 3. Bb5 Nge7 4. Nc3 a6 5. Bc4 h6 6. a3 Ng6 7. d3 Bc5 8. O-O
O-O 9. b4 Bb6 10. Nd5 Bd4 11. Nxd4 Nxd4 12. c3 Nc6 13. f4 exf4 14. Nxf4 Nxf4 15.
Bxf4 b5 16. Bd5 Bb7 17. Qh5 Ra7 18. Bxh6 Qe7 19. Qg6 1-0

[Event "AUTO-MASTER-3259"]
[Site "http://www.queenalice.com/game.php?id=1854957"]
[Date "2025.4.3"]
[Round "1"]
[White "askasl159"]
[Black "dave_j"]
[Result "0-1"]
[WhiteElo "1788"]
[BlackElo "1917"]

1. e4 e5 2. f4 Nc6 3. Nf3 d6 4. Bc4 h6 5. O-O Nf6 6. Nc3 a6 7. a3 Be7 8. b4 exf4
9. d4 O-O 10. Bxf4 b5 11. Bb3 Bg4 12. d5 Bxf3 13. Rxf3 Nh7 14. dxc6 Bf6 15. Qd2
Bg5 16. a4 bxa4 17. Rxa4 Qe8 18. b5 axb5 19. Rxa8 Qxa8 20. Nxb5 Qxc6 21. Nc3 Bf6
22. Bd5 Qb6+ 23. Be3 c5 24. Bf4 Ng5 25. Rg3 Kh7 26. Na4 Qa6 27. Ra3 Rb8 28. c4
Rb4 29. Qa2 Bd4+ 30. Kf1 Qc8 31. Bxg5 Qg4 32. Bd2 Qd1+ 33. Be1 Rb1 34. Qe2 Qc1
35. Ra2 Qf4+ 36. Qf3 Qxh2 37. Ke2 Qg1 38. Bc3 Qd1# 0-1

[Event "AUTO-MASTER-3259"]
[Site "http://www.queenalice.com/game.php?id=1854958"]
[Date "2025.4.3"]
[Round "1"]
[White "dave_j"]
[Black "JailtonMaster"]
[Result "0-1"]
[WhiteElo "1952"]
[BlackElo "2027"]

1. e4 c5 2. Bc4 e6 3. Nc3 Nc6 4. Nf3 a6 5. a3 b5 6. Be2 Bb7 7. d3 b4 8. Nb1 Nf6
9. Bg5 Be7 10. h3 O-O 11. O-O d5 12. e5 Nd7 13. axb4 cxb4 14. Bxe7 Qxe7 15. d4
f6 16. exf6 Nxf6 17. Nbd2 a5 18. b3 Ba6 19. Re1 Bxe2 20. Qxe2 Nd8 21. Ne5 Nd7
22. Ndf3 Nf7 23. Qd3 Nfxe5 24. dxe5 Nc5 25. Qe3 Rfc8 26. Nd4 Ne4 27. Rac1 Rc3
28. Qe2 Rf8 29. Rf1 h6 30. Qg4 Nc5 31. Ne2 Ne4 32. Nxc3 Nxc3 33. f4 Rf5 34. Rce1
Ne4 35. Rd1 Qc7 36. Qg6 Qb6+ 37. Kh2 Nf2 38. g3 Nxd1 39. Rxd1 Qf2+ 40. Kh1 Qf3+
41. Kh2 Qxd1 42. Qxe6+ Rf7 43. Qe8+ Rf8 44. Qe6+ Kh8 45. Qg6 d4 46. e6 d3 47.
cxd3 Qe2+ 48. Kh1 Rc8 0-1

[Event "AUTO-MASTER-3259"]
[Site "http://www.queenalice.com/game.php?id=1854959"]
[Date "2025.4.3"]
[Round "1"]
[White "JailtonMaster"]
[Black "dave_j"]
[Result "1-0"]
[WhiteElo "2005"]
[BlackElo "1966"]

1. e4 e5 2. Nf3 d6 3. d4 Bg4 4. c3 Nf6 5. Bg5 Be7 6. Nbd2 h6 7. Bh4 g5 8. Bg3 h5
9. h3 Bxf3 10. Nxf3 h4 11. Bh2 g4 12. dxe5 gxf3 13. exf6 fxg2 14. Bxg2 Bf8 15.
e5 Nc6 16. O-O dxe5 17. Bxc6+ bxc6 18. Qa4 Qxf6 19. Bxe5 Qg6+ 20. Kh1 Qe6 21.
Qg4 Qd5+ 22. f3 Rh6 23. Rad1 Qe6 24. Qxe6+ Rxe6 25. Bxc7 Be7 26. Rg1 Kf8 27. Rg4
Re2 28. Rdg1 Ke8 29. Rg8+ Kd7 30. Rxa8 Kxc7 31. Rxa7+ Kb6 32. Rd7 Bc5 33. Rb1
Rf2 34. Rxf7 Bd6 35. Rd7 Bg3 36. Rd3 Rh2+ 37. Kg1 Rxh3 38. Rbd1 Bf4 39. Rf1 Rg3+
40. Kf2 h3 41. Rh1 Be5 42. Rg1 h2 43. Rh1 Rg7 44. Ke3 Rg3 45. Rxh2 1-0

[Event "AUTO-OPEN-4576"]
[Site "http://www.queenalice.com/game.php?id=1863010"]
[Date "2025.9.14"]
[Round "2"]
[White "dave_j"]
[Black "Wilson"]
[Result "1-0"]
[WhiteElo "1941"]
[BlackElo "1496"]

1. e4 e5 2. Nf3 d6 3. Bc4 Nf6 4. d3 Be7 5. Bg5 Nbd7 6. Nc3 O-O 7. a3 h6 8. Be3
c6 9. h3 b5 10. Bb3 a5 11. Ne2 c5 12. c3 a4 13. Bc2 Nb6 14. O-O c4 15. d4 exd4
16. Nfxd4 Bd7 17. Ng3 Qb8 18. Qd2 Qc8 19. Ndf5 Bd8 20. Nxh6+ Kh8 21. Qxd6 Bc7
22. Qd4 Be6 23. e5 Rd8 24. Qh4 g6 25. Qxf6+ Kh7 26. Nh5 Rh8 27. Qg7# 1-0

[Event "AUTO-OPEN-4576"]
[Site "http://www.queenalice.com/game.php?id=1863011"]
[Date "2025.9.14"]
[Round "2"]
[White "Wilson"]
[Black "dave_j"]
[Result "0-1"]
[WhiteElo "1494"]
[BlackElo "1943"]

1. e4 e5 2. d4 exd4 3. c3 dxc3 4. Bc4 Qe7 5. Nxc3 c6 6. Nf3 b5 7. Bd3 f6 8. O-O
b4 9. Na4 Ba6 10. Bxa6 Nxa6 11. a3 bxa3 12. Rxa3 Qf7 13. Rb3 Nc5 14. Nxc5 Bxc5
15. Rb7 Bb6 16. Rxd7 Qxd7 17. Qb3 Nh6 18. Rd1 Qe7 19. e5 fxe5 20. Bg5 Qf7 21.
Qd3 O-O 22. Be3 Rad8 23. Nd4 Bxd4 24. Qe2 Bxe3 25. Rxd8 Rxd8 26. h3 Bxf2+ 27.
Kf1 Bg3+ 28. Kg1 Qf2+ 29. Qxf2 Bxf2+ 30. Kxf2 Rd2+ 31. Kf3 Rxb2 32. g4 Rd2 33.
Ke4 c5 34. Kxe5 c4 35. g5 Nf7+ 36. Kf5 c3 0-1